[Event "90th ch-FRA 2015"]
[Site "Saint-Quentin FRA"]
[Date "2015.08.09"]
[Round "1"]
[White "Degraeve,JM"]
[Black "Lagarde,Max"]
[Result "1-0"]
[WhiteElo "2551"]
[BlackElo "2540"]
[EventDate "2015.08.09"]

1. e4 e6 2. d4 d5 3. Nd2 Be7 4. Ngf3 Nf6 5. e5 Nfd7 6. Bd3 c5 7. c3 b6 8.
O-O Ba6 9. Ne1 Bxd3 10. Nxd3 Nc6 11. Qg4 g6 12. Nf3 c4 13. Nf4 Nf8 14. h4
h5 15. Qg3 Qd7 16. b3 Na5 17. bxc4 Nxc4 18. Nh3 Nh7 19. Nhg5 Nxg5 20. Bxg5
Bxg5 21. Nxg5 O-O-O 22. Qf4 Rhe8 23. Qxf7 Qxf7 24. Nxf7 Rd7 25. Ng5 Rc7 26.
a4 Kd7 27. Rfd1 Rf8 28. Rd3 Ke7 29. Rg3 Rf5 30. Ra2 Rc8 31. Kf1 Rcf8 32.
Ke1 Rf4 33. Nh7 Rh8 34. Nf6 Kf7 35. Rh3 Rf5 36. Re2 Rb8 37. g4 hxg4 38.
Nxg4 Rf4 39. Ne3 Rc8 40. Nxc4 Rxc4 41. Ra2 Kg7 42. Ke2 Kh6 43. Kd3 Kh5 44.
f3 Rxh4 45. Rxh4+ Kxh4 46. Rh2+ Kg5 47. Rh7 Rxa4 48. Re7 b5 49. Rxe6 b4 50.
Rd6 Ra3 51. Rxd5 Rxc3+ 52. Ke4 b3 53. Rb5 a6 54. Rb8 a5 55. f4+ Kh6 56. e6
a4 57. e7 Rc1 58. e8=Q Re1+ 59. Kd3 1-0

[Event "90th ch-FRA 2015"]
[Site "Saint-Quentin FRA"]
[Date "2015.08.09"]
[Round "1"]
[White "Edouard,R"]
[Black "Gozzoli,Y"]
[Result "1/2-1/2"]
[WhiteElo "2634"]
[BlackElo "2561"]
[EventDate "2015.08.09"]

1. c4 c5 2. Nc3 Nc6 3. Nf3 e5 4. e3 Nf6 5. a3 d5 6. cxd5 Nxd5 7. Qc2 Nxc3
8. dxc3 Be7 9. Bd3 h6 10. b4 Be6 11. O-O O-O 12. Rd1 Qc7 13. Bf5 Bxf5 14.
Qxf5 Rad8 15. Re1 a6 16. Bd2 Qd7 17. Qxd7 Rxd7 18. e4 Rc8 19. Kf1 f6 20.
Ke2 Nd8 21. Nh4 Ne6 22. Red1 cxb4 23. axb4 Bf8 24. g3 Nc7 25. Nf5 Nb5 26.
Rac1 Rdc7 27. Kd3 Rd8+ 28. Ke2 Rdc8 29. Kd3 Rd8+ 30. Ke2 Rdc8 1/2-1/2

[Event "90th ch-FRA 2015"]
[Site "Saint-Quentin FRA"]
[Date "2015.08.09"]
[Round "1"]
[White "Gharamian,T"]
[Black "Cornette,M"]
[Result "1/2-1/2"]
[WhiteElo "2644"]
[BlackElo "2586"]
[EventDate "2015.08.09"]

1. e4 c5 2. Nf3 Nc6 3. d4 cxd4 4. Nxd4 e5 5. Nb5 d6 6. N1c3 a6 7. Na3 Be7
8. Be3 Nf6 9. Nc4 b5 10. Nb6 Rb8 11. Nxc8 Qxc8 12. Be2 O-O 13. a3 Nd8 14.
O-O Ne6 15. Bf3 Qc4 16. Qd2 Rfc8 17. Rfd1 h6 18. Be2 Qc7 19. a4 bxa4 20.
Bxa6 Rd8 21. Rdb1 Nc5 22. Bxc5 dxc5 23. Qe2 Qa5 24. Nxa4 Qd2 25. Qxd2 Rxd2
26. Bd3 c4 27. Bxc4 Rxc2 28. Bd3 Rd2 29. Rd1 Rxd1+ 30. Rxd1 Rb4 31. Bc2
Nxe4 32. Re1 Nc5 33. Nxc5 Rc4 34. Rxe5 Rxc2 35. Nd3 Bf6 36. Re8+ Kh7 37.
Kf1 Bxb2 38. Nxb2 Rxb2 39. g3 h5 40. Kg2 g6 41. h4 1/2-1/2

[Event "90th ch-FRA 2015"]
[Site "Saint-Quentin FRA"]
[Date "2015.08.09"]
[Round "1"]
[White "Shchekachev,A"]
[Black "Bacrot,E"]
[Result "1/2-1/2"]
[WhiteElo "2555"]
[BlackElo "2694"]
[EventDate "2015.08.09"]

1. Nf3 d5 2. d4 c6 3. c4 e6 4. Nc3 Nf6 5. g3 Be7 6. Bg2 b6 7. b3 Ba6 8. Nd2
Nbd7 9. Bb2 O-O 10. O-O b5 11. c5 b4 12. Na4 Bb5 13. Re1 Qc7 14. Qc2 Rfe8
15. Nf3 Ne4 16. a3 a5 17. Nd2 Nef6 18. Nf3 Ne4 19. Nd2 Nef6 20. Nf3 1/2-1/2

[Event "90th ch-FRA 2015"]
[Site "Saint-Quentin FRA"]
[Date "2015.08.09"]
[Round "1"]
[White "Moussard,J"]
[Black "Bauer,Ch"]
[Result "1/2-1/2"]
[WhiteElo "2487"]
[BlackElo "2618"]
[EventDate "2015.08.09"]

1. e4 e6 2. d4 d5 3. Nc3 Nc6 4. Nf3 Nf6 5. Bd3 Nb4 6. O-O Be7 7. Re1 O-O 8.
Bf1 c5 9. a3 cxd4 10. Nxd4 Nc6 11. exd5 Nxd5 12. Nxc6 bxc6 13. Ne4 Rb8 14.
Bd3 e5 15. Ng3 Bc5 16. Qf3 Qf6 17. Qxf6 Nxf6 18. h3 Re8 19. c3 Bb6 20. Bg5
h6 21. Bxf6 gxf6 22. Rad1 Be6 23. Bc2 Kf8 24. Rd2 Red8 25. Red1 Rxd2 26.
Rxd2 Rd8 27. Rxd8+ Bxd8 28. Be4 c5 29. Kf1 c4 30. Nf5 Bxf5 31. Bxf5 Ke7 32.
Bg4 Kd6 33. Ke1 Bb6 34. Bh5 Ke6 35. Be2 Kd5 36. Bh5 Ke6 37. Be2 1/2-1/2

[Event "90th ch-FRA 2015"]
[Site "Saint-Quentin FRA"]
[Date "2015.08.09"]
[Round "1"]
[White "Maze,S"]
[Black "Istratescu,A"]
[Result "1-0"]
[WhiteElo "2573"]
[BlackElo "2619"]
[EventDate "2015.08.09"]

1. e4 c6 2. d4 d5 3. e5 Bf5 4. Nf3 e6 5. Be2 Nd7 6. O-O h6 7. Nbd2 Ne7 8.
Nb3 Nc8 9. a4 Be7 10. a5 a6 11. c4 Na7 12. Be3 O-O 13. h3 dxc4 14. Bxc4 Nb5
15. Qe2 Nc7 16. Nc5 Nxc5 17. dxc5 Nd5 18. Bxd5 exd5 19. Nd4 Qd7 20. b4 Rae8
21. Qf3 Be4 22. Qg3 Kh8 23. f3 Bd3 24. Rfe1 Bd8 25. Bf4 g5 26. e6 fxe6 27.
Be5+ Kh7 28. Re3 Bg6 29. Rae1 Rf7 30. R1e2 Be7 31. Qe1 Bf8 32. g4 Kg8 33.
Kg2 Rh7 34. Bd6 Bxd6 35. cxd6 Bf7 36. Nxe6 Qxd6 37. Nd4 Rxe3 38. Rxe3 Qf4
39. Nf5 Kf8 40. Re7 Qb8 41. Qc3 1-0

[Event "90th ch-FRA 2015"]
[Site "Saint-Quentin FRA"]
[Date "2015.08.10"]
[Round "2"]
[White "Cornette,M"]
[Black "Shchekachev,A"]
[Result "1/2-1/2"]
[WhiteElo "2586"]
[BlackElo "2555"]
[EventDate "2015.08.09"]

1. e4 c5 2. Nf3 e6 3. d4 cxd4 4. Nxd4 a6 5. c4 Nf6 6. Nc3 Qc7 7. Be2 Bb4 8.
O-O O-O 9. Bg5 Bxc3 10. Bxf6 Bxb2 11. Qd2 gxf6 12. Qxb2 d6 13. Qd2 Nd7 14.
Rad1 Kh8 15. Nb3 b5 16. Qxd6 Qxd6 17. Rxd6 bxc4 18. Bxc4 Ra7 19. Rfd1 Kg7
20. f3 Ne5 21. Be2 a5 22. a4 Bd7 23. Nc5 Be8 24. Ra6 Rxa6 25. Bxa6 Bc6 26.
Rd6 Rb8 27. f4 Rb1+ 28. Kf2 Rc1 29. Nb3 Rc2+ 30. Rd2 Rc3 31. Nxa5 Ng4+ 32.
Ke1 Bxe4 33. Bb7 Bd3 34. Rb2 Ra3 35. Rb3 Ra1+ 36. Kd2 Bg6 37. Bc6 Nf2 38.
Kc3 Nd3 39. Kc4 Nxf4 40. Nb7 e5 41. Nc5 Ne2 42. Rb2 Rc1+ 43. Kb4 Nd4
1/2-1/2

[Event "90th ch-FRA 2015"]
[Site "Saint-Quentin FRA"]
[Date "2015.08.10"]
[Round "2"]
[White "Gozzoli,Y"]
[Black "Bacrot,E"]
[Result "1/2-1/2"]
[WhiteElo "2561"]
[BlackElo "2694"]
[EventDate "2015.08.09"]

1. d4 d5 2. c4 e6 3. Nc3 c6 4. Nf3 Nf6 5. Bg5 Nbd7 6. cxd5 exd5 7. e3 Be7
8. Bd3 O-O 9. Qc2 Re8 10. O-O Nf8 11. Ne5 Ng4 12. Bxe7 Qxe7 13. Nxg4 Bxg4
14. Rae1 Qd6 15. f4 Bd7 16. f5 f6 17. Qf2 Re7 18. e4 Rae8 19. exd5 cxd5 20.
Rxe7 Rxe7 21. Qf4 Qxf4 22. Rxf4 Bc6 23. Rf2 a5 24. Re2 Kf7 25. Kf2 Nd7 26.
b3 Rxe2+ 27. Bxe2 Ke7 28. Ke3 Nb6 29. a4 Kd6 30. Kf4 Na8 31. h4 Nc7 32. g4
h6 33. Bf1 Be8 34. Bd3 Ke7 35. Bf1 g5+ 36. hxg5 hxg5+ 37. Ke3 Kd6 38. Be2
b6 39. Nb5+ Nxb5 40. Bxb5 Bd7 41. Bxd7 1/2-1/2

[Event "90th ch-FRA 2015"]
[Site "Saint-Quentin FRA"]
[Date "2015.08.10"]
[Round "2"]
[White "Lagarde,Max"]
[Black "Maze,S"]
[Result "1/2-1/2"]
[WhiteElo "2540"]
[BlackElo "2573"]
[EventDate "2015.08.09"]

1. e4 e5 2. Nf3 Nc6 3. Bb5 Nf6 4. d3 d6 5. c3 g6 6. O-O Bg7 7. Re1 O-O 8.
h3 Re8 9. Nbd2 Bd7 10. Nf1 a6 11. Ba4 Na5 12. Bc2 c5 13. Bg5 h6 14. Bh4 Nc6
15. Ne3 Be6 16. Qd2 b5 17. a3 g5 18. Bg3 Nh5 19. Nh2 Nf4 20. Bd1 Qd7 21.
Bf3 Rad8 22. h4 Ne7 23. hxg5 hxg5 24. c4 Nc6 25. Bg4 Nd4 26. Qd1 Rb8 27.
Rb1 bxc4 28. dxc4 Rb3 29. Bxe6 fxe6 30. Bxf4 exf4 31. Nc2 Reb8 32. Nxd4
Bxd4 33. Qh5 Qh7 34. Qxg5+ Kh8 35. e5 Rg8 36. Qf6+ Rg7 37. Qd8+ Rg8 38.
Qf6+ Rg7 39. Qd8+ Rg8 40. Qf6+ 1/2-1/2

[Event "90th ch-FRA 2015"]
[Site "Saint-Quentin FRA"]
[Date "2015.08.10"]
[Round "2"]
[White "Edouard,R"]
[Black "Degraeve,JM"]
[Result "0-1"]
[WhiteElo "2634"]
[BlackElo "2551"]
[EventDate "2015.08.09"]

1. d4 Nf6 2. c4 g6 3. Nc3 Bg7 4. e4 d6 5. f3 O-O 6. Be3 c5 7. Nge2 Nc6 8.
d5 Na5 9. Ng3 a6 10. Be2 e6 11. O-O exd5 12. cxd5 b5 13. Qd2 Nd7 14. Bg5
Qc7 15. Bh6 Bd4+ 16. Kh1 Re8 17. b4 Nc4 18. Bxc4 bxc4 19. bxc5 Qxc5 20. Na4
c3 21. Qc2 Qc4 22. Rac1 a5 23. Nxc3 Ba6 24. Qd2 Bh8 25. Rfd1 Ne5 26. Nce2
Qa4 27. Nd4 Nd3 28. Nc6 Nxc1 29. Rxc1 Bc8 30. Qf4 Qa3 31. Nh5 f5 32. Qh4
Qb2 33. e5 dxe5 34. Ne7+ Kf7 35. Nxf5 Bxf5 36. Rc7+ Kg8 37. Nf6+ Bxf6 38.
Qxf6 Qb1+ 39. Bc1 Bd7 40. h4 Rac8 0-1

[Event "90th ch-FRA 2015"]
[Site "Saint-Quentin FRA"]
[Date "2015.08.10"]
[Round "2"]
[White "Istratescu,A"]
[Black "Moussard,J"]
[Result "1-0"]
[WhiteElo "2619"]
[BlackElo "2487"]
[EventDate "2015.08.09"]

1. d4 d5 2. c4 c6 3. Nf3 Nf6 4. Nc3 e6 5. Bg5 dxc4 6. e4 b5 7. e5 h6 8. Bh4
g5 9. Nxg5 hxg5 10. Bxg5 Be7 11. exf6 Bxf6 12. Be3 Nd7 13. g3 Bb7 14. Bg2
Qb6 15. O-O O-O-O 16. a4 b4 17. Ne4 Be7 18. Qc2 Qa5 19. Qxc4 Qh5 20. h3 Nb6
21. Qc1 Nd5 22. a5 a6 23. Re1 Qf5 24. h4 Rdg8 25. Bg5 f6 26. Bd2 Kb8 27.
Qd1 c5 28. dxc5 e5 29. Rc1 Qe6 30. Qb3 Bc6 31. Nc3 Rxh4 32. Nxd5 Rd4 33.
Nxe7 1-0

[Event "90th ch-FRA 2015"]
[Site "Saint-Quentin FRA"]
[Date "2015.08.11"]
[Round "3"]
[White "Gharamian,T"]
[Black "Istratescu,A"]
[Result "1-0"]
[WhiteElo "2644"]
[BlackElo "2619"]
[EventDate "2015.08.09"]

1. e4 c6 2. d4 d5 3. e5 c5 4. Nf3 Bg4 5. c4 cxd4 6. Qxd4 Bxf3 7. gxf3 Nc6
8. Qxd5 e6 9. Qxd8+ Rxd8 10. f4 Bb4+ 11. Nc3 f6 12. a3 Bxc3+ 13. bxc3 fxe5
14. Rb1 Rd7 15. Bg2 Nge7 16. fxe5 Kf7 17. O-O Nxe5 18. Rxb7 Rxb7 19. Bxb7
Rb8 20. Ba6 Rb3 21. a4 N7c6 22. Bb5 Rxc3 23. Be3 Nd4 24. Kg2 Nxb5 25. cxb5
Ra3 26. Rc1 Rxa4 27. Rc7+ Ke8 28. Bxa7 Nd7 29. b6 Kd8 30. Rxd7+ Kxd7 31. b7
1-0

[Event "90th ch-FRA 2015"]
[Site "Saint-Quentin FRA"]
[Date "2015.08.11"]
[Round "3"]
[White "Moussard,J"]
[Black "Lagarde,Max"]
[Result "1/2-1/2"]
[WhiteElo "2487"]
[BlackElo "2540"]
[EventDate "2015.08.09"]

1. e4 c5 2. Nf3 d6 3. d4 cxd4 4. Qxd4 Bd7 5. Be3 Nf6 6. Nc3 e5 7. Qd2 Bc6
8. Bc4 Be7 9. Qd3 O-O 10. Rd1 Nbd7 11. O-O Qc7 12. Rfe1 Rac8 13. Nh4 g6 14.
Bh6 Nc5 15. Qh3 Ncxe4 16. Bxf8 Rxf8 17. Nxe4 Nxe4 18. Nxg6 hxg6 19. Qh6 d5
20. Rxd5 Bxd5 21. Bxd5 Nf6 22. Qxg6+ Kh8 23. Bxf7 Nh7 24. Bb3 Bc5 25. Re2
Qd6 26. Qxd6 Bxd6 27. c3 Nf6 28. Bc2 a5 29. g3 Kg7 30. Kg2 Bc7 31. h4 Rd8
32. f4 exf4 33. Re7+ Kf8 34. Rxc7 Rd2+ 35. Kf3 Rxc2 36. Rxb7 fxg3 37. Kxg3
a4 38. Kf4 a3 39. bxa3 Rxc3 40. Ke5 Ng4+ 41. Ke4 1/2-1/2

[Event "90th ch-FRA 2015"]
[Site "Saint-Quentin FRA"]
[Date "2015.08.11"]
[Round "3"]
[White "Shchekachev,A"]
[Black "Bauer,Ch"]
[Result "0-1"]
[WhiteElo "2555"]
[BlackElo "2618"]
[EventDate "2015.08.09"]

1. Nf3 d6 2. d4 Nf6 3. c4 g6 4. Nc3 Bf5 5. h3 Bg7 6. g4 Bd7 7. e4 e5 8. d5
Na6 9. Be3 c6 10. Nd2 Rc8 11. a3 h5 12. g5 Nh7 13. Rg1 O-O 14. b4 cxd5 15.
exd5 e4 16. Ndxe4 Re8 17. Rc1 Bf5 18. Ng3 Qxg5 19. Kd2 Qf6 20. Nxf5 Qxf5
21. Bd3 Qf6 22. Rg2 Nb8 23. Ne4 Qb2+ 24. Qc2 Qxa3 25. Rb1 Rcd8 26. Nc3
Qxc3+ 27. Qxc3 Bxc3+ 28. Kxc3 Nd7 29. Bd4 Ne5 30. Bc2 Rc8 31. c5 Nf6 32.
Bb3 Ne4+ 33. Kb2 dxc5 34. bxc5 Nxc5 35. Ba2 b6 36. d6 Kh7 37. Ka1 Ncd7 38.
f4 Nf3 39. Bb2 Ne1 40. Rd2 Nc2+ 41. Rxc2 Rxc2 42. Bxf7 Ree2 43. Ba3 Nc5 44.
Bxc5 bxc5 45. Bb3 Rcd2 46. Bc4 Rf2 0-1

[Event "90th ch-FRA 2015"]
[Site "Saint-Quentin FRA"]
[Date "2015.08.11"]
[Round "3"]
[White "Bacrot,E"]
[Black "Cornette,M"]
[Result "1/2-1/2"]
[WhiteElo "2694"]
[BlackElo "2586"]
[EventDate "2015.08.09"]

1. c4 Nf6 2. d4 e6 3. Nc3 Bb4 4. Nf3 b6 5. e3 Bb7 6. Bd3 O-O 7. O-O d5 8.
cxd5 exd5 9. a3 Bd6 10. b4 a6 11. Qb3 Qe7 12. Re1 Nbd7 13. Ra2 b5 14. Rae2
Nb6 15. e4 dxe4 16. Nxe4 Nxe4 17. Bxe4 Bxe4 18. Rxe4 Qd7 19. Ne5 Bxe5 20.
dxe5 Qe6 21. Qg3 Nd5 22. Rg4 g6 23. Rd4 a5 24. bxa5 Rxa5 25. h4 Rfa8 26.
Qg5 h5 27. Ree4 c6 28. Bb2 Ra4 29. Rxa4 Rxa4 30. Qd8+ Kh7 31. Rxa4 bxa4 32.
g3 c5 33. Qf8 Nf4 34. gxf4 Qg4+ 35. Kf1 Qd1+ 36. Kg2 Qg4+ 37. Kf1 Qd1+ 38.
Kg2 1/2-1/2

[Event "90th ch-FRA 2015"]
[Site "Saint-Quentin FRA"]
[Date "2015.08.11"]
[Round "3"]
[White "Maze,S"]
[Black "Edouard,R"]
[Result "1/2-1/2"]
[WhiteElo "2573"]
[BlackElo "2634"]
[EventDate "2015.08.09"]

1. e4 e6 2. d4 d5 3. Nd2 c5 4. exd5 Qxd5 5. dxc5 Qxc5 6. Ne4 Qb4+ 7. Nc3
Nf6 8. Bd3 Nbd7 9. a3 Qd6 10. Nf3 Nc5 11. Bb5+ Bd7 12. Qe2 a6 13. Bc4 Qc7
14. O-O Bc6 15. Nd4 Rd8 16. Rd1 Bd6 17. g3 O-O 18. Bg5 b5 19. Nxc6 Qxc6 20.
Bxf6 gxf6 21. Qg4+ Kh8 22. Qh4 f5 23. Qf6+ Kg8 24. Qg5+ Kh8 25. Qf6+ Kg8
26. Qg5+ Kh8 27. Qf6+ 1/2-1/2

[Event "90th ch-FRA 2015"]
[Site "Saint-Quentin FRA"]
[Date "2015.08.12"]
[Round "4"]
[White "Degraeve,JM"]
[Black "Maze,S"]
[Result "1/2-1/2"]
[WhiteElo "2551"]
[BlackElo "2573"]
[EventDate "2015.08.09"]

1. e4 e5 2. Nf3 Nc6 3. Nc3 Nf6 4. d4 exd4 5. Nxd4 Bb4 6. Nxc6 bxc6 7. Bd3
d5 8. exd5 cxd5 9. O-O O-O 10. h3 Re8 11. Qf3 Rb8 12. Bg5 c6 13. Rfe1 Be6
14. a3 Be7 15. b3 h6 16. Bf4 Bd6 17. b4 Bxf4 18. Qxf4 a5 19. Na4 axb4 20.
axb4 Nd7 21. Nc5 Nxc5 22. bxc5 Ra8 23. Rxa8 Qxa8 24. Qd4 Bd7 25. Rxe8+ Qxe8
26. Kh2 Qb8+ 27. Kg1 Qb1+ 28. Kh2 Qb8+ 29. Kg1 Qb1+ 30. Kh2 1/2-1/2

[Event "90th ch-FRA 2015"]
[Site "Saint-Quentin FRA"]
[Date "2015.08.12"]
[Round "4"]
[White "Bauer,Ch"]
[Black "Bacrot,E"]
[Result "1/2-1/2"]
[WhiteElo "2618"]
[BlackElo "2694"]
[EventDate "2015.08.09"]

1. e4 e5 2. Nf3 Nc6 3. Bb5 Nf6 4. O-O Nxe4 5. Re1 Nd6 6. Nxe5 Be7 7. Bf1
Nxe5 8. Rxe5 O-O 9. Nc3 Ne8 10. Nd5 Bd6 11. Re1 c6 12. Ne3 Bc7 13. Nf5 d5
14. Ne7+ Kh8 15. Nxc8 Rxc8 16. d3 Nf6 17. g3 Qd7 18. Qf3 Rce8 19. Bg5 Ng4
20. d4 f6 21. Bd2 f5 22. Bb4 Rg8 23. Rxe8 Rxe8 24. Bd3 g6 25. Re1 Rxe1+ 26.
Bxe1 Qe6 27. Qe2 Qxe2 28. Bxe2 Nf6 29. f3 h5 30. Bd2 Kg7 31. Kf2 Kf7 32.
Bg5 Nh7 33. Bd2 Nf6 34. Bg5 Nh7 35. Bd2 1/2-1/2

[Event "90th ch-FRA 2015"]
[Site "Saint-Quentin FRA"]
[Date "2015.08.12"]
[Round "4"]
[White "Gozzoli,Y"]
[Black "Cornette,M"]
[Result "1/2-1/2"]
[WhiteElo "2561"]
[BlackElo "2586"]
[EventDate "2015.08.09"]

1. d4 Nf6 2. c4 e6 3. Nc3 Bb4 4. Nf3 b6 5. e3 Bb7 6. Bd3 O-O 7. O-O d5 8.
cxd5 exd5 9. a3 Bd6 10. b4 a6 11. Qb3 Qe7 12. Ra2 Nbd7 13. Re2 Rfe8 14.
Rfe1 Qf8 15. Nd2 a5 16. b5 a4 17. Nxa4 c5 18. bxc6 Bxc6 19. Nc3 Bxa3 20.
Ndb1 Bb4 21. Rf1 Reb8 22. Rb2 Ba5 23. Nb5 Rb7 24. Rc2 Nc5 25. dxc5 bxc5 26.
Ba3 Nd7 27. Rb2 Qb8 28. Qd1 Bxb5 29. Bxb5 Rxb5 30. Qxd5 Ra7 31. Rxb5 Qxb5
32. Rc1 h6 33. g3 Qb7 34. e4 Qxd5 35. exd5 Bb4 36. Bxb4 cxb4 37. Rc8+ Kh7
38. Rc4 Nb6 39. Rxb4 Nxd5 40. Rd4 Ra1 41. Rxd5 1/2-1/2

[Event "90th ch-FRA 2015"]
[Site "Saint-Quentin FRA"]
[Date "2015.08.12"]
[Round "4"]
[White "Edouard,R"]
[Black "Moussard,J"]
[Result "1-0"]
[WhiteElo "2634"]
[BlackElo "2487"]
[EventDate "2015.08.09"]

1. d4 d5 2. c4 c6 3. Nf3 Nf6 4. Nc3 e6 5. Bg5 dxc4 6. e4 b5 7. e5 h6 8. Bh4
g5 9. Nxg5 hxg5 10. Bxg5 Be7 11. exf6 Bxf6 12. Bxf6 Qxf6 13. g3 Bb7 14. Bg2
Na6 15. Ne4 Qe7 16. O-O O-O-O 17. h4 c5 18. a4 Rxd4 19. Qe2 b4 20. Rad1
Rhd8 21. Rxd4 Rxd4 22. Rc1 Nc7 23. Nd2 Ba6 24. Nxc4 b3 25. Bf1 Qf6 26. Qe3
Qd8 27. Qc3 Rd1 28. Rxd1 Qxd1 29. Ne3 Qa1 30. Qxb3 c4 31. Nxc4 Nd5 32. Qa3
Qc1 33. Qc5+ Kb8 34. Qd6+ Nc7 35. Qb4+ Kc8 36. Qf8+ Kb7 37. Na5+ 1-0

[Event "90th ch-FRA 2015"]
[Site "Saint-Quentin FRA"]
[Date "2015.08.12"]
[Round "4"]
[White "Istratescu,A"]
[Black "Shchekachev,A"]
[Result "1/2-1/2"]
[WhiteElo "2619"]
[BlackElo "2555"]
[EventDate "2015.08.09"]

1. d4 Nf6 2. c4 e6 3. Nf3 Bb4+ 4. Nbd2 O-O 5. a3 Be7 6. e4 d6 7. Bd3 Nbd7
8. b3 c5 9. d5 Ng4 10. O-O Nge5 11. Bb1 Nxf3+ 12. Nxf3 Bf6 13. Ra2 e5 14.
Be3 a5 15. Qd2 g6 16. Bd3 Bg7 17. Qc2 b6 18. Rb1 Nf6 19. b4 axb4 20. axb4
Bg4 21. Nd2 Nh5 22. f3 Rxa2 23. Qxa2 Bc8 24. Qa7 Nf4 25. Bf1 Bh6 26. Kh1
Bg5 27. bxc5 bxc5 28. Rb3 Nh5 29. Bxg5 Qxg5 30. Qa2 f5 31. Qc2 Qh4 32. Qc1
Qf2 33. Rb2 g5 34. Nb3 Qh4 35. exf5 Ng3+ 36. Kg1 Nxf1 37. Qxf1 Bxf5 38. g3
Qh6 39. Qe2 Ra8 40. g4 Bg6 41. Kg2 Rb8 42. Na5 Rxb2 43. Qxb2 Qf8 44. Qd2 e4
45. Qe3 Qxf3+ 46. Qxf3 exf3+ 47. Kxf3 Kf7 48. Nb3 Kf6 49. Nd2 h6 50. Ke3
Bc2 51. Nf3 Bd1 52. h3 Bc2 53. Nd2 Bg6 54. Nf3 Be8 55. Nd2 Bd7 56. Nf3 Bc8
57. Nd2 Bd7 58. Nf3 Ba4 59. Kd2 Bb3 60. Kd3 Ba4 61. Kd2 Be8 62. Ke3 Bg6 63.
Nd2 Bc2 64. Nf3 Bd1 65. Ke4 1/2-1/2

[Event "90th ch-FRA 2015"]
[Site "Saint-Quentin FRA"]
[Date "2015.08.12"]
[Round "4"]
[White "Lagarde,Max"]
[Black "Gharamian,T"]
[Result "0-1"]
[WhiteElo "2540"]
[BlackElo "2644"]
[EventDate "2015.08.09"]

1. e4 c5 2. Nf3 Nc6 3. d4 cxd4 4. Nxd4 Nf6 5. Nc3 e5 6. Ndb5 d6 7. Be3 a6
8. Na3 Be7 9. Nd5 Nxd5 10. exd5 Nb8 11. Nc4 Nd7 12. a4 O-O 13. a5 f5 14.
Qd2 Qe8 15. f3 Nf6 16. Nb6 Rb8 17. O-O-O f4 18. Bf2 Qg6 19. Nxc8 Rbxc8 20.
Bb6 Nd7 21. Bd3 Qe8 22. Rhe1 Bd8 23. Bf2 Nc5 24. Bxc5 Rxc5 25. b4 Rc8 26.
Re4 b6 27. Bxa6 Rb8 28. Qc3 bxa5 29. b5 Bb6 30. Rc4 Qg6 31. Rc6 Qxg2 32.
Rxd6 Be3+ 33. Kb1 Qxf3 34. Rg1 Qe4 35. Re1 Qd4 36. Qxd4 Bxd4 37. Re6 f3 38.
Rf1 f2 39. c4 Rf3 40. c5 Rb3+ 41. Ka2 Rb2+ 42. Ka3 Rf8 43. b6 Rf3+ 44. Ka4
Bxc5 45. Ra1 Bxb6 0-1

[Event "90th ch-FRA 2015"]
[Site "Saint-Quentin FRA"]
[Date "2015.08.13"]
[Round "5"]
[White "Gharamian,T"]
[Black "Edouard,R"]
[Result "*"]
[WhiteElo "2644"]
[BlackElo "2634"]
[EventDate "2015.08.09"]

1. e4 c5 2. Nf3 d6 3. d4 cxd4 4. Nxd4 Nf6 5. Nc3 g6 6. Be3 Bg7 7. f3 Nc6 8.
Qd2 O-O 9. O-O-O d5 10. exd5 Nxd5 11. Nxc6 bxc6 12. Bd4 Bxd4 13. Qxd4 Qb6
14. Qe5 Nxc3 15. Qxc3 Be6 16. Bd3 Rfd8 17. Rhe1 Rab8 18. Re5 Rd5 19. b3 *

[Event "90th ch-FRA 2015"]
[Site "Saint-Quentin FRA"]
[Date "2015.08.13"]
[Round "5"]
[White "Cornette,M"]
[Black "Bauer,Ch"]
[Result "*"]
[WhiteElo "2586"]
[BlackElo "2618"]
[EventDate "2015.08.09"]

1. e4 c5 2. Nf3 Nc6 3. Bb5 e6 4. O-O Nge7 5. Ba4 a6 6. c4 Ng6 7. d4 cxd4 8.
Nxd4 Qc7 9. Be3 Bd6 10. g3 Nxd4 11. Qxd4 Be5 12. Qd2 Qxc4 13. Bc2 Qc7 14.
Bb3 d6 15. Rc1 Qd8 16. f4 Bf6 17. Qf2 *

[Event "90th ch-FRA 2015"]
[Site "Saint-Quentin FRA"]
[Date "2015.08.13"]
[Round "5"]
[White "Bacrot,E"]
[Black "Istratescu,A"]
[Result "*"]
[WhiteElo "2694"]
[BlackElo "2619"]
[EventDate "2015.08.09"]

1. d4 Nf6 2. c4 e6 3. Nf3 d5 4. Nc3 Be7 5. Bf4 O-O 6. e3 Nbd7 7. c5 c6 8.
Bd3 Nh5 9. O-O Nxf4 10. exf4 b6 11. b4 Qc7 12. g3 a5 13. a3 Ba6 14. Bxa6
Rxa6 15. Qe2 Rfa8 16. b5 cxb5 *

[Event "90th ch-FRA 2015"]
[Site "Saint-Quentin FRA"]
[Date "2015.08.13"]
[Round "5"]
[White "Moussard,J"]
[Black "Degraeve,JM"]
[Result "*"]
[WhiteElo "2487"]
[BlackElo "2551"]
[EventDate "2015.08.09"]

1. d4 Nf6 2. Nf3 c5 3. e3 g6 4. Be2 Bg7 5. O-O O-O 6. c4 cxd4 7. exd4 d5 8.
Nc3 Nc6 9. Ne5 Be6 10. cxd5 Nxd5 11. Nxc6 bxc6 12. Na4 Nc7 13. Bf3 *

[Event "90th ch-FRA 2015"]
[Site "Saint-Quentin FRA"]
[Date "2015.08.13"]
[Round "5"]
[White "Shchekachev,A"]
[Black "Lagarde,Max"]
[Result "*"]
[WhiteElo "2555"]
[BlackElo "2540"]
[EventDate "2015.08.09"]

1. Nf3 f5 2. d3 Nc6 3. d4 e6 4. Bf4 Nf6 5. e3 Ne7 6. c4 Ng6 7. Nc3 Bb4 8.
Bd3 Bxc3+ 9. bxc3 d6 10. Bg3 Qe7 11. Qc2 O-O 12. Nd2 *

[Event "90th ch-FRA 2015"]
[Site "Saint-Quentin FRA"]
[Date "2015.08.13"]
[Round "5"]
[White "Maze,S"]
[Black "Gozzoli,Y"]
[Result "*"]
[WhiteElo "2573"]
[BlackElo "2561"]
[EventDate "2015.08.09"]

1. e4 c5 2. Nf3 Nc6 3. c3 Nf6 4. e5 Nd5 5. Bc4 e6 6. O-O d6 7. d4 cxd4 8.
cxd4 Be7 9. Qe2 O-O 10. a3 Bd7 11. Bd3 Rc8 12. Qe4 f5 13. exf6 Nxf6 14. Qh4
d5 15. Bg5 h6 16. Nc3 Qe8 17. Bxf6 *